000 00512 a2200181 4500
003 OSt
005 20231204122520.0
008 231204b |||||||| |||| 00| 0 eng d
020 _a9789353902544
040 _coclc
082 _a894.8123
_bRAM/A
100 _aRamakrishnan, T D
_97031
245 _aAndhar Badhirar Mookar /
_cT.D. Ramakrishnan
250 _a8th ed.
260 _aKottayam:
_bD C Books,
_c2023.
300 _a176p.
942 _2ddc
_cBK
_h894.8123
_iRAM/A
_k894.8123
_mRAM/A
999 _c43959
_d43959